header

Flip your classroom : (Record no. 120463)

MARC details
000 -LEADER
fixed length control field 01750nam a2200409 i 4500
001 - CONTROL NUMBER
control field ebr10759765
003 - CONTROL NUMBER IDENTIFIER
control field CaPaEBR
006 - FIXED-LENGTH DATA ELEMENTS--ADDITIONAL MATERIAL CHARACTERISTICS--GENERAL INFORMATION
fixed length control field m o d
007 - PHYSICAL DESCRIPTION FIXED FIELD--GENERAL INFORMATION
fixed length control field cr cn|||||||||
008 - FIXED-LENGTH DATA ELEMENTS--GENERAL INFORMATION
fixed length control field 120131t20122012oru o 000 0 eng|d
020 ## - INTERNATIONAL STANDARD BOOK NUMBER
Cancelled/invalid ISBN 9781564843159 (pbk.)
International Standard Book Number 9781564844682 (e-book)
040 ## - CATALOGING SOURCE
Original cataloging agency CaPaEBR
Language of cataloging eng
Description conventions rda
-- pn
Transcribing agency CaPaEBR
035 ## - SYSTEM CONTROL NUMBER
System control number (OCoLC)861532555
050 14 - LIBRARY OF CONGRESS CALL NUMBER
Classification number LB1044.75
Item number .B47 2012eb
082 04 - DEWEY DECIMAL CLASSIFICATION NUMBER
Classification number 371.33/52
Edition number 23
100 1# - MAIN ENTRY--PERSONAL NAME
Personal name Bergmann, Jonathan.
245 10 - TITLE STATEMENT
Title Flip your classroom :
Remainder of title reach every student in every class every day /
Statement of responsibility, etc Jonathan Bergmann, Aaron Sams.
250 ## - EDITION STATEMENT
Edition statement First edition.
264 #1 - PRODUCTION, PUBLICATION, DISTRIBUTION, MANUFACTURE, AND COPYRIGHT NOTICE
Place of production, publication, distribution, manufacture Eugene, Oregon :
Name of producer, publisher, distributor, manufacturer International Society for Technology in Education,
Date of production, publication, distribution, manufacture, or copyright notice [2012]
Date of production, publication, distribution, manufacture, or copyright notice �2012
300 ## - PHYSICAL DESCRIPTION
Extent 1 online resource (122 pages)
336 ## - CONTENT TYPE
Content type term text
Source rdacontent
337 ## - MEDIA TYPE
Media type term computer
Source rdamedia
338 ## - CARRIER TYPE
Carrier type term online resource
Source rdacarrier
588 ## - SOURCE OF DESCRIPTION NOTE
Source of description note Description based on print version record.
590 ## - LOCAL NOTE (RLIN)
Local note Electronic reproduction. Palo Alto, Calif. : ebrary, 2013. Available via World Wide Web. Access may be limited to ebrary affiliated libraries.
650 #0 - SUBJECT ADDED ENTRY--TOPICAL TERM
Topical term or geographic name as entry element Video tapes in education.
Topical term or geographic name as entry element Individualized instruction.
Topical term or geographic name as entry element Teachers
General subdivision Time management.
Topical term or geographic name as entry element Homework.
655 #0 - INDEX TERM--GENRE/FORM
Genre/form data or focus term Electronic books.
700 1# - ADDED ENTRY--PERSONAL NAME
Personal name Sams, Aaron.
776 08 - ADDITIONAL PHYSICAL FORM ENTRY
Display text Print version:
Main entry heading Bergmann, Jonathan.
Title Flip your classroom : reach every student in every class every day.
Place, publisher, and date of publication Eugene, Oregon : International Society for Technology in Education, [2012]
Physical description ix, 112 pages ; 22 cm.
International Standard Book Number 9781564843159
Record control number (DLC) 2011052647
797 2# - LOCAL ADDED ENTRY--CORPORATE NAME (RLIN)
Corporate name or jurisdiction name as entry element ebrary.
856 40 - ELECTRONIC LOCATION AND ACCESS
Uniform Resource Identifier <a href="http://site.ebrary.com/lib/rucke/Doc?id=10759765">http://site.ebrary.com/lib/rucke/Doc?id=10759765</a>
Public note An electronic book accessible through the World Wide Web; click to view

No items available.

© 2026 Rongo University
Contact us: librarian | system librarian | Rongo university